书目信息 |
| 题名: |
量子统计的格林函数理论
|
|
| 作者: | 蔡建华 编 | |
| 分册: | ||
| 出版信息: | 北京 科学出版社 1982.10 |
|
| 页数: | 422页 | |
| 开本: | 20cm | |
| 丛书名: | 现代物理学丛书 | |
| 单 册: | ||
| 中图分类: | O414.2 | |
| 科图分类: | ||
| 主题词: | 理论物理学 | |
| 电子资源: | ||
| ISBN: | ||
| 000 | 00584nam0 2200205 45 | |
| 001 | 0312221749 | |
| 005 | 20060525094241.35 | |
| 010 | @dCNY2.50 | |
| 100 | @a20031222d1982 km y0chiy0120 ea | |
| 101 | @achi | |
| 200 | 1 | @a量子统计的格林函数理论@ALiang Zi Tong Ji De Ge Lin Han Shu Li Lun@f蔡建华等编@Fcai jian hua deng bian |
| 210 | @a北京@c科学出版社@d1982.10 | |
| 215 | @a422页@d20cm | |
| 225 | 2 | @a现代物理学丛书 |
| 410 | 0 | @12001 @a现代物理学丛书 |
| 606 | 0 | @a理论物理学 |
| 690 | @aO414.2@v3 | |
| 701 | 0 | @a蔡建华@4编 |
| 801 | @aCN@bTSTCL@c20060525 | |
| 905 | @a213230@dO414.2@e23 | |
| 量子统计的格林函数理论/蔡建华等编.-北京:科学出版社,1982.10 |
| 422页;20cm.-(现代物理学丛书) |
| ISBN :CNY2.50 |
| ● |
| 相关链接 |
|
|
|
|
正题名:量子统计的格林函数理论
索取号:O414.2/23
 
预约/预借
| 序号 | 登录号 | 条形码 | 馆藏地/架位号 | 状态 | 备注 |
| 1 | 0081500 | 202379531 | 密集书库/ [索取号:O414.2/23] | 在馆 | |
| 2 | 0081501 | 202379522 | 密集书库/ [索取号:O414.2/23] | 在馆 | |
| 3 | 0081502 | 202379577 | 密集书库/ [索取号:O414.2/23] | 在馆 |